[Event "CRO-chT3 South"]
[Site "Dubrovnik"]
[Date "2013.10.19"]
[Round "6.5"]
[White "Lovric, Marko"]
[Black "Buljubasic, Prosper"]
[Result "1/2-1/2"]
[WhiteElo "1905"]
[BlackElo "1602"]
[PlyCount "45"]
[EventDate "2013.04.27"]
[EventType "team-tourn"]
[EventRounds "7"]
[EventCountry "CRO"]
[SourceTitle "EXT 2014"]
[Source "ChessBase"]
[SourceDate "2013.11.20"]
[SourceVersion "1"]
[SourceVersionDate "2013.11.20"]
[SourceQuality "1"]
[WhiteTeam "Split Brda II"]
[BlackTeam "Jelsa"]
[WhiteTeamCountry "CRO"]
[BlackTeamCountry "CRO"]

1. e4 e5 2. Nf3 Nc6 3. Bc4 Bc5 4. 0-0 Nf6 5. Nc3 d6 6. d3 h6 7. Na4 Bb6 8. Nxb6 axb6 9. h3 0-0 10. Be3 Na5 11. Bb3 Bd7 12. Nd2 Bc6 13. f4 Nxb3 14. axb3 Rxa1 15. Qxa1 exf4 16. Bxf4 Nh5 17. Qd1 Nxf4 18. Rxf4 d5 19. Qh5 dxe4 20. Nxe4 Qd4+ 21. Kh1 Bxe4 22. Rxe4 Qxb2 23. Qe2 1/2-1/2